000 00302nam a2200109Ia 4500
008 200302s9999 xx 000 0 und d
100 _aGabriel Campanario
245 _aThe urban sketching handbook people and motion tips and techniques
260 _bQuarrey books Ltd.
260 _c2014
300 _a112
999 _c6966
_d6966